00299nam a2200133Ia 4500008004100000041000800041082001700049100001600066245002400082260002700106300000800133365000800141700001600149230718s9999 xx 000 0 und d aeng a621.381bTUM aTumer R. P. aTransistor Circuits c1964bD B Taraporevala a160 cRs. aTumer R. P.